Joy / (Record no. 51547)
[ view plain ]
| 000 -LEADER | |
|---|---|
| fixed length control field | 10756nam a22002297a 4500 |
| 005 - DATE AND TIME OF LATEST TRANSACTION | |
| control field | 20110411160439.0 |
| 020 ## - INTERNATIONAL STANDARD BOOK NUMBER | |
| International Standard Book Number | 818263427x |
| Terms of availability | 15.00 |
| 037 ## - SOURCE OF ACQUISITION | |
| Stock number | DPL |
| Source of stock number/acquisition | Blueberry |
| 082 ## - DEWEY DECIMAL CLASSIFICATION NUMBER | |
| Classification number | S |
| 100 ## - MAIN ENTRY--PERSONAL NAME | |
| Personal name | Chaturvedi, Pankaj |
| 245 r# - TITLE STATEMENT | |
| Title | Joy / |
| Statement of responsibility, etc | by Pankaj Chaturvedi ; illustrated by Ajit Narayan ; translated by Manisha Chaudhry |
| 250 ## - EDITION STATEMENT | |
| Edition statement | 3rd |
| 260 ## - PUBLICATION, DISTRIBUTION, ETC. (IMPRINT) | |
| Place of publication, distribution, etc | New Delhi |
| Name of publisher, distributor, etc | Pratham Books |
| Date of publication, distribution, etc | 2010 |
| 270 ## - ADDRESS | |
| Address | 633-634,4th "C" Main,6th 'B' Cross, OMBR Layout Banaswadi, |
| City | Bangalore |
| Postal code | 560043 |
| Telephone number | 911141042483 (New Delhi) |
| 300 ## - PHYSICAL DESCRIPTION | |
| Extent | 12p. |
| Other physical details | ill. |
| Dimensions | 23cm.(pbk) |
| 700 ## - ADDED ENTRY--PERSONAL NAME | |
| Personal name | Narayan, Ajit |
| 9 (RLIN) | 27199 |
| 700 ## - ADDED ENTRY--PERSONAL NAME | |
| Personal name | Chaudhry, Manisha |
| 9 (RLIN) | 27233 |
| 700 ## - ADDED ENTRY--PERSONAL NAME | |
| Personal name | Chaudhry, Manisha |
| 9 (RLIN) | 27230 |
| 700 ## - ADDED ENTRY--PERSONAL NAME | |
| Personal name | Chaudhry, Manisha |
| 9 (RLIN) | 27206 |
| 942 ## - ADDED ENTRY ELEMENTS (KOHA) | |
| Source of classification or shelving scheme | Dewey Decimal Classification |
| Item type | Children Books |
| Classification part | S |
| Call number suffix | CHA |
No items available.
